Аттестация и рационализация рабочих мест в промышленности

Bibliografiska uppgifter
Huvudupphovsman: Франдюк И. В. Иван Васильевич
Sammanfattning:Исключено из фонда НТБ ТПУ
Språk:ryska
Publicerad: Киев, Технiка, 1987
Serie:Библиотека хозяйственника
Ämnen:
Materialtyp: MixedMaterials Bok
KOHA link:https://koha.lib.tpu.ru/cgi-bin/koha/opac-detail.pl?biblionumber=256893

MARC

LEADER 00000nam0a2200000 4500
001 256893
005 20231101233144.0
035 |a (RuTPU)RU\TPU\book\279638 
090 |a 256893 
100 |a 20140411d1987 k y0rusy50 ca 
101 0 |a rus 
102 |a UA 
105 |a y z 001zy 
200 1 |a Аттестация и рационализация рабочих мест в промышленности  |f И. В. Франдюк 
210 |a Киев  |c Технiка  |d 1987 
215 |a 184 с. 
225 1 |a Библиотека хозяйственника 
320 |a Библиогр.: с. 180-183. 
333 |a Исключено из фонда НТБ ТПУ 
606 1 |a Рабочее место  |x Аттестация  |2 stltpush  |3 (RuTPU)RU\TPU\subj\22240  |9 47051 
700 1 |a Франдюк  |b И. В.  |g Иван Васильевич 
801 1 |a RU  |b 63413507  |c 20140411 
801 2 |a RU  |b 63413507  |c 20161109  |g RCR 
942 |c BK